00876nam a22001337a 4500999001900000008004100019100002800060245004900088260002300137300003500160520051700195773002300712942000700735 c527862d527862240930b ||||| |||| 00| 0 eng d aBilgrami, Akeel 947892 aUnderstanding Gandhi on caste and modernity  aSocial Scientist  a52(7-8), Jul-Aug, 2024: p.3-30 aAfter ten years of it dark night of the soul, Indian politics found, on the 4th of June, that it had groped its way into tentative shaft of light: and though the sour stink of fascism is still in the air, we are now at least able to breathe. For this entire dishonorable decade, the present speaker was at a comfortable distance in New York, without cause of fear since all he did was fantasies that the brigands who were running his country world, by some marvelous change, all brak their nukes. – Reproduced  aSocial Scientist  cAR